000 00366nam a2200133Ia 4500
008 220217s9999||||xx |||||||||||||| ||und||
020 _a81-7371-380-4
082 _a005.74 PUJ
100 _aPujari, Arun, K
_93397
245 0 _aData mining techniques
260 _aUniversities press
_bHyderabad
_c2003
300 _b350
650 _aDATA FILES & DATABASE
_9695
999 _c171811
_d171811